000 00985nam a22002177a 4500
999 _c60978
_d60978
005 20231201123010.0
008 231201s2015ru xxu||||| |||| 00| 0 rus d
041 _arus
080 _a929.731(479.22) М-54
100 _aМетревели, Р. (Роин)
_920546
245 _aСвятой Давид Строитель - объединитель Кавказа /
_cРоин Метревели, Джаба Самушиа ; Ред. Нана Кикнадзе ;
264 _aТбилиси,
_c2015.
300 _a147 с ;
_b22 cм
653 _aСвятой Давид Строитель - объединитель Кавказа
653 _aДавид IV Строитель
653 _aდავით IV აღმაშენებელი.
700 _a Самушиа, Джаба
_eავტორი
_920547
700 _aКикнадзе, Нана
_eრედაქტორი
_920548
710 _aНац. АН Грузии.
_920549
942 _2udc
_cᲬᲘᲒᲜᲘ